000 00306nam a22001337a 4500
008 170406b xxu||||| |||| 00| 0 eng d
020 _a9780721600086
041 _aeng
080 _25 ED
_a575
100 _a9
101 _aSHM
245 _aCELLULAR AND MOLECULAR IMMUNOLOGY
_cABBAS.A.K
942 _2udc
_cBK
999 _c9989
_d9989